Giorgio Armani (Record no. 136971)

MARC details
000 -LEADER
fixed length control field 00857nam a2200277 i 4500
001 - CONTROL NUMBER
control field C2-0339725
003 - CONTROL NUMBER IDENTIFIER
control field PPAK
005 - DATE AND TIME OF LATEST TRANSACTION
control field 20180728141831.0
008 - FIXED-LENGTH DATA ELEMENTS--GENERAL INFORMATION
fixed length control field 161221s2017 my a|||| ||||| | may d
020 ## - INTERNATIONAL STANDARD BOOK NUMBER
International Standard Book Number 9789672053019
040 ## - CATALOGING SOURCE
Original cataloging agency PPAK
Language of cataloging eng
Transcribing agency PPAK
Description conventions rda
082 04 - DEWEY DECIMAL CLASSIFICATION NUMBER
Classification number 658.827
Edition number 23
090 00 - LOCALLY ASSIGNED LC-TYPE CALL NUMBER (OCLC); LOCAL CALL NUMBER (RLIN)
Classification number (OCLC) (R) ; Classification number, CALL (RLIN) (NR) 658.827
Feature heading GIO
Feature heading K
245 00 - TITLE STATEMENT
Title Giorgio Armani
264 #1 - PRODUCTION, PUBLICATION, DISTRIBUTION, MANUFACTURE, AND COPYRIGHT NOTICE
Place of production, publication, distribution, manufacture Cheras, Selangor :
Name of producer, publisher, distributor, manufacturer Arena Educational Supply ,
Date of production, publication, distribution, manufacture, or copyright notice 2017
300 ## - PHYSICAL DESCRIPTION
Extent 40 pages :
Other physical details colour photographs ;
Dimensions 26 cm
336 ## - CONTENT TYPE
Source rdacontent
Content type term text
337 ## - MEDIA TYPE
Source rdamedia
Media type term unmediated
338 ## - CARRIER TYPE
Source rdacarrier
Carrier type term volume
490 1# - SERIES STATEMENT
Series statement Jenama bisnes gergasi dunia
500 ## - GENERAL NOTE
General note Includes glossary and excercises
650 10 - SUBJECT ADDED ENTRY--TOPICAL TERM
Topical term or geographic name entry element Brand name products. ; Business name. ; Fashion design - Italy.
700 1# - ADDED ENTRY--PERSONAL NAME
Personal name Amir Zakaria, 1969-,
Relator term compile
830 #0 - SERIES ADDED ENTRY--UNIFORM TITLE
Uniform title Jenama bisnes gergasi dunia
942 ## - ADDED ENTRY ELEMENTS (KOHA)
-- dc
Koha item type Book
Holdings
Withdrawn Not for loan Current library Shelving location Date acquired Full call number Barcode Date last seen Koha item type Total Checkouts
    Perpustakaan Alor Setar Pinjaman Kanak-kanak 06/08/2017 K 658.827 GIO A01540051 09/05/2018 Book  
    Perpustakaan Awam Sungai Petani Pinjaman Kanak-kanak 06/08/2017 K 658.827 GIO A01540052 09/05/2018 Book  
    Perpustakaan Baling Pinjaman Kanak-kanak 06/08/2017 K 658.827 GIO A01540056 09/05/2018 Book  
    Perpustakaan Bandar Baharu Pinjaman Kanak-kanak 06/08/2017 K 658.827 GIO A01540057 09/05/2018 Book  
    Perpustakaan Jitra Pinjaman Kanak-kanak 06/08/2017 K 658.827 GIO A01540053 09/05/2018 Book  
    Perpustakaan Kuala Nerang Pinjaman Kanak-kanak 06/08/2017 K 658.827 GIO A01540061 09/05/2018 Book  
    Perpustakaan Kulim Pinjaman Kanak-kanak 06/08/2017 K 658.827 GIO A01540055 09/05/2018 Book  
    Perpustakaan Langkawi Pinjaman Kanak-kanak 06/08/2017 K 658.827 GIO A01540054 09/05/2018 Book  
    Perpustakaan Merbok Pinjaman Kanak-kanak 06/08/2017 K 658.827 GIO A01540058 09/05/2018 Book  
    Perpustakaan Pendang Pinjaman Kanak-kanak 06/08/2017 K 658.827 GIO A01540062 09/05/2018 Book  
    Perpustakaan Sik Pinjaman Kanak-kanak 06/08/2017 K 658.827 GIO A01540060 09/05/2018 Book  
    Perpustakaan Yan Pinjaman Kanak-kanak 06/08/2017 K 658.827 GIO A01540059 09/05/2018 Book  
    Bergerak 1, Alor Setar Pinjaman Kanak-kanak 10/01/2017 K 658.827 GIO A01498846 09/05/2018 Book  
    Bergerak 3, Baling Pinjaman Kanak-kanak 10/01/2017 K 658.827 GIO A01498847 09/05/2018 Book  
    Bergerak 4, Sungai Petani Pinjaman Kanak-kanak 10/01/2017 K 658.827 GIO A01498848 09/05/2018 Book  
    Bergerak 5, Kulim Pinjaman Kanak-kanak 10/01/2017 K 658.827 GIO A01498849 09/05/2018 Book  
    PD05, Kg. Lindungan Raja, Kulim Pinjaman Kanak-kanak 10/01/2017 K 658.827 GIO A01498850 09/05/2018 Book  
    PD13, KEDA Lahar Tunjung, Pendang Pinjaman Kanak-kanak 10/01/2017 K 658.827 GIO A01498857 09/05/2018 Book  
    PD21, Kg. Tengah, Jerlun Pinjaman Kanak-kanak 10/01/2017 K 658.827 GIO A01498854 09/05/2018 Book  
    PD23, Taman Mas Merah, Titi Gajah, Alor Setar Pinjaman Kanak-kanak 10/01/2017 K 658.827 GIO A01498852 09/05/2018 Book  
    PD36, Kg. Kuala Lanjut, Kota Star Pinjaman Kanak-kanak 10/01/2017 K 658.827 GIO A01498855 09/05/2018 Book  
    PD37, Kg. Belat, Pendang Pinjaman Kanak-kanak 10/01/2017 K 658.827 GIO A01498851 09/05/2018 Book